000
00268nam a22001217a 4500
008
171124b xxu||||| |||| 00| 0 eng d
041
_a
eng
080
_a
9780140244557
100
_a
50
101
_a
SOC
245
_a
THE MAGIC DAUGHTER
_c
PHILLIPS,J
942
_2
udc
_c
BK
999
_c
38491
_d
38491